000 01648nam a2200397Ia 4500
001 ebr10188439
003 CaPaEBR
006 m u
007 cr cn|||||||||
008 021111s2001 flug s 000 0 eng d
020 _z9781930841949
020 _z0585426937 (electronic bk.)
040 _aCaPaEBR
_cCaPaEBR
035 _a(OCoLC)50983683
041 1 _aeng
_hita
050 1 4 _aML50.M939
_bN62 2001eb
100 1 _aMozart, Wolfgang Amadeus,
_d1756-1791.
240 1 0 _aNozze di Figaro.
_sLibretto.
_lEnglish & Italian
245 1 0 _aMozart's The marriage of Figaro
_h[electronic resource] /
_ctranslated from Italian and including music highlight transcriptions ; edited by Burton D. Fisher.
246 3 _aMozart's Marriage of Figaro
246 3 0 _aMarriage of Figaro
260 _aCoral Gables, FL :
_bOpera Journeys Pub.,
_cc2001.
300 _a88 p. :
_bmusic.
490 1 _aOpera Journeys libretto series
500 _aLibretto by Lorenzo Da Ponte.
533 _aElectronic reproduction.
_bPalo Alto, Calif. :
_cebrary,
_d2009.
_nAvailable via World Wide Web.
_nAccess may be limited to ebrary affiliated libraries.
546 _aText in Italian with parallel English translation.
600 1 0 _aMozart, Wolfgang Amadeus,
_d1756-1791.
_tNozze di Figaro.
650 0 _aOperas
_vLibrettos.
655 7 _aElectronic books.
_2local
700 1 _aFisher, Burton D.
700 1 _aDa Ponte, Lorenzo,
_d1749-1838.
710 2 _aebrary, Inc.
830 0 _aOpera Journeys libretto series.
856 4 0 _uhttp://site.ebrary.com/lib/rucke/Doc?id=10188439
_zAn electronic book accessible through the World Wide Web; click to view
999 _c148582
_d148582